| 000 | 00482nam a2200157 a 4500 | ||
|---|---|---|---|
| 001 | 5963 | ||
| 003 | CDMR | ||
| 005 | 20131009180725.0 | ||
| 008 | 130220s2008||||||||||||||||||||||||||||d | ||
| 040 |
_aCDMR _bcat _cCDMR |
||
| 245 | 0 | 0 |
_aRamon Barnils _b: periodista de referència : catàleg de l'exposició (2006-2008) |
| 260 |
_aBarcelona _bGrup de Periodistes Ramon Barnils _c2008 |
||
| 300 |
_a66 p ; _c30 cm _e+ 1 DVD |
||
| 650 |
_aPeriodistes catalans _vBiografies _94 |
||
| 942 |
_cMON _2udc |
||
| 999 |
_c5963 _d5963 |
||